| 000 | 00357nam a2200133 a 4500 | ||
|---|---|---|---|
| 001 | 000029726 | ||
| 005 | 20200930055746.0 | ||
| 008 | 110425s19uu dr a 000 0 spa d | ||
| 040 |
_aDO-SdBNP _bspa _cBNPHU |
||
| 245 | 0 | 3 | _aLa letrina y la salud. /. |
| 260 |
_a[Santo Domingo], : _bEnda-caribe, _c[19--?]. |
||
| 300 |
_a27 p. : _bil. ; _c28 cm. |
||
| 049 | _aBNPD | ||
| 999 |
_c29218 _d29218 |
||